Filosofía: plan de formación

Saved in:
Bibliographic Details
Corporate Author: Instituto Superior de Ciencias Religiosas (Author)
Format: Book
Language:Spanish
Published: Madrid Instituto Internacional de Teología a Distancia 1993
Edition:1a. ed
Subjects:
Tags: Add Tag
No Tags, Be the first to tag this record!

MARC

LEADER 00000nam a2200000 a 4500
001 UCK0225
003 CL-VaPUC
008 040924e19930000SP |||||||||||||||||spa|d
020 |a 8488118686 
020 |a 8488118864 
082 0 4 |a 111  |b INS  |2 21 
110 2 |a Instituto Superior de Ciencias Religiosas  |e author  |9 488129 
245 1 0 |a Filosofía: plan de formación 
250 |a 1a. ed 
300 |a v 
942 |c BK 
945 |d 20040924 00:00:00  |a vberengu 
260 |a Madrid  |b Instituto Internacional de Teología a Distancia  |c 1993 
600 0 |a Dios  |9 314467 
650 0 |a Teoría del conocimiento   |9 255038 
650 0 |a Positivismo  |9 269460 
650 0 |a Escepticismo  |9 258591 
650 0 |a Idealismo  |9 265685 
650 0 |a Existencialismo  |9 265698 
650 0 |a Existencia de Dios   |9 266954 
650 0 |a Moral  |9 265913 
650 0 |a Ética  |9 255099 
583 |a last modification  |c 20121001 10:17:48  |k Rodrigo Vera 
999 |c 310714  |d 310712 
952 |0 0  |1 0  |4 0  |6 111_000000000000000_INS_1993  |7 0  |8 A  |9 379621  |a BIBTEO  |b BIBTEO  |d 2019-11-21  |h v.1  |i 4061926  |o 111 INS 1993  |p 4061926  |r 2025-01-17  |w 2019-11-21  |y BK  |k ICR 
952 |0 0  |1 0  |4 0  |6 111_000000000000000_INS_1993  |7 0  |8 A  |9 379622  |a BIBTEO  |b BIBTEO  |d 2019-11-21  |h v.2  |i 4061934  |o 111 INS 1993  |p 4061934  |r 2025-01-17  |w 2019-11-21  |y BK  |k ICR